000 00593nmm a2200205Ia 4500
008 251105s9999||||xx |||||||||||||||||und||
020 _a9788499456072
041 _aspa
100 _aBillon, Gérard
245 0 _aTraducir la Biblia :
_b Cuaderno biblico 157
264 _a[Madrid, España] :
_bEditorial Verbo Divino,
_c2013
300 _a63 páginas
490 _aCuadernos bíblicos
650 _aReligion(s)
700 _aBillon, Gérard
700 1 _a Nieuviarts, Jacques
700 1 _a Barrado, Pedro
856 _uhttps://public.digitaliapublishing.com/a/51030
942 _cCF
999 _c62873
_d62873